Guess the Lyrics - 90's #3 - Statistics

General Stats
  • This quiz has been taken 51 times
  • The average score is 110 of 196
Answer Stats
Answer % Correct
I
100%
"I
100%
the
98%
You
91%
you
91%
you,
91%
we
87%
who
78%
is
76%
when
76%
When
76%
And
73%
and
73%
it"
73%
me
73%
to
71%
are
69%
No
69%
She
69%
"What
69%
what
69%
in
67%
say
67%
that
67%
don't
64%
us
64%
we're
62%
got
60%
got"
60%
one
60%
said
60%
know
58%
your
58%
think
56%
at
51%
nothing
51%
So
51%
so
51%
It's
49%
see
47%
from
44%
have
44%
that's
44%
about
42%
as
42%
just
42%
thing
42%
we've
42%
only
40%
come
38%
Our
38%
was
38%
care
36%
common
36%
has
36%
"Well,
36%
between
33%
ground
33%
now
33%
now?
33%
over
33%
remember
33%
You'll
33%
Breakfast
31%
knew
31%
Tiffany's?"
31%
Tiffany's
31%
Breakfast At Tiffany's
29%
liked
29%
world
29%
Deep Blue Something
27%
start
27%
things
27%
both
24%
film
24%
lives
24%
recall
24%
eyes
22%
falling
22%
much
22%
hate
20%
left
20%
through
20%
apart
18%
kinda
18%
guess
11%
Still,
11%
undone
11%
wrong
9%
plain
7%
Ooh,
2%
No matching quizzes found
Score Distribution
Percent of People with Each Score
Percentile by Number Answered
Your Score History
You have not taken this quiz